000 00427nam a2200181Ia 4500
001 1492
005 20260306143732.0
008 260306t2017||||xx |||||||||||||| ||spa||
041 _aESP
082 _a150.1982
_bR93
100 _aRuiz de la Rosa, Carmela
_eAUT
245 0 _aEneagrama para terapeutas
260 _c2017
300 _a163 páginas :
_c22 cm.
650 _aGEN
654 _aCPS
942 _cLIB
_dJUS
_fJUS
_2ddc
_n
999 _c1492
_d1492